LEADER 00869nam0-22003131i-450- 001 990006496660403321 005 20001010 035 $a000649666 035 $aFED01000649666 035 $a(Aleph)000649666FED01 035 $a000649666 100 $a20001010d--------km-y0itay50------ba 101 0 $aita 105 $ay-------001yy 200 1 $aSOCIAL change in Angola$fFranz-Wilhelm Heimer (editor) 210 $aMunchen$cWeltforum$d1973. 215 $a284 p.$d21 cm 225 1 $aBergstraesser Institut " materialien zu entwicklung und politik$v4 225 1 $a" Arnold 676 $a303.4 702 1$aHeimer,$bFranz-Wilhelm 801 0$aIT$bUNINA$gRICA$2UNIMARC 901 $aBK 912 $a990006496660403321 952 $aCOLLEZ. 926 (4)$b25001$fFSPBC 959 $aFSPBC 996 $aSOCIAL change in Angola$9654315 997 $aUNINA DB $aGEN01 LEADER 01838oam 2200529K 450 001 9910714619403321 005 20180924051141.7 024 8 $aGOVPUB-C13-0229aeb9caba44cf9df7876d82bc742d 035 $a(CKB)4330000001260383 035 $a(OCoLC)727429655 035 $a(OCoLC)994330000001260383 035 $a(EXLCZ)994330000001260383 100 $a20110527d1974 ua 0 101 0 $aeng 135 $aurbn||||||abp 135 $aurbn||||||ada 181 $ctxt$2rdacontent 182 $cc$2rdamedia 183 $acr$2rdacarrier 200 10$aPreliminary performance criteria for bituminous membrane roofing /$fRobert G. Mathey and William C. Cullen 210 1$aWashington :$cU.S. Dept. of Commerce, National Bureau of Standards :$cFor sale by the Supt. of Docs., U.S. Govt. Print. Off.,$d1974. 215 $a1 online resource (iii, 12 pages) 225 1 $aNBS building science series ;$v55 300 $aContributed record: Metadata reviewed, not verified. Some fields updated by batch processes. 320 $aIncludes bibliographical references. 606 $aRoofing, Bituminous$xTesting 606 $aToits bitumineux$xEssais 606 $aRoofing, Bituminous$xTesting$2fast 615 0$aRoofing, Bituminous$xTesting. 615 6$aToits bitumineux$xEssais. 615 7$aRoofing, Bituminous$xTesting. 676 $a690/.08 s 676 $a691/.96 700 $aMathey$b Robert G$01391740 702 $aCullen$b William C. 712 02$aUnited States.$bNational Bureau of Standards. 801 0$bOCLCE 801 1$bOCLCE 801 2$bOCLCQ 801 2$bOCLCF 801 2$bOCLCQ 801 2$bOCLCO 801 2$bOCLCQ 906 $aBOOK 912 $a9910714619403321 996 $aPreliminary performance criteria for bituminous membrane roofing$93445747 997 $aUNINA